University Home | Library Home | Institutional Repository

The structure of Aristotle's thought : (Record no. 193200)

MARC details
000 -LEADER
fixed length control field 00860cam5a220025300 4500
001 - CONTROL NUMBER
control field lce00595404
008 - FIXED-LENGTH DATA ELEMENTS--GENERAL INFORMATION
fixed length control field 740502c19671966no b 000 0 eng
010 ## - LIBRARY OF CONGRESS CONTROL NUMBER
LC control number 67001232 //r83
035 ## - SYSTEM CONTROL NUMBER
System control number (Sirsi) r71254
035 ## - SYSTEM CONTROL NUMBER
System control number (DLC) 67001232 //r83
035 ## - SYSTEM CONTROL NUMBER
System control number (UPRA)lce00595404
040 ## - CATALOGING SOURCE
Modifying agency UPRA
050 0# - LIBRARY OF CONGRESS CALL NUMBER
Classification number B485
Item number .S79
082 ## - DEWEY DECIMAL CLASSIFICATION NUMBER
Classification number 185
100 1# - MAIN ENTRY--PERSONAL NAME
Personal name Stigen, Anfinn, 1923-
Dates associated with a name Stigen, Anfinn, 1923-
Linkage A32429.1
245 14 - TITLE STATEMENT
Title The structure of Aristotle's thought :
Remainder of title an introduction to the study of Aristotle's writings.
260 ## - PUBLICATION, DISTRIBUTION, ETC.
Place of publication, distribution, etc. [Oslo] :
Name of publisher, distributor, etc. Universitetsforlaget,
Date of publication, distribution, etc. [1967, c1966]
490 0# - SERIES STATEMENT
Series statement Scandinavian university books
Linkage S1671.1
500 ## - GENERAL NOTE
General note Imprint covered by label: New York, Humanities Press.
504 ## - BIBLIOGRAPHY, ETC. NOTE
Bibliography, etc. note Bibliography: p. [443].
600 00 - SUBJECT ADDED ENTRY--PERSONAL NAME
Personal name Aristotle.
Linkage S24134.1
949 ## - LOCAL PROCESSING INFORMATION (OCLC)
a B485
w lcc
i -96404
m MAIN
t BOOK
l ON-SHELF

No items available.

© 2026 - The University of Zambia Library - Koha v25.11